000 00500nam a22001697a 4500
008 230207b |||||||| |||| 00| 0 eng d
020 _a9780071263306
050 _aHD 39.5 .B87 2010
245 _aSupply management/
_cBurt,David N.
250 _a8th ed
260 _aBoston:
_bMcGraw-Hill,
_cc2010.
300 _axxxii,600p.:
_bill.
_c24cm
504 _aincludes bibliographic details.
700 _aPetcecavage,Sheila D.
700 _aPinkerton,Richard.
942 _2lcc
_kHD 39.5 .B87 2010
_cBOOKS
999 _c31525
_d31525